000 00579nam a22001577a 4500
999 _c5193
_d5193
008 250825b ||||| |||| 00| 0 eng d
020 _a9781407193533
_q(pbk.) :
_cNT$439
050 4 _aPZ7.P55223
082 0 _a823.92 PIC
_bP593
100 1 _aPichon, Liz,
_eAUTHOR
_eILLUSTRATOR
_lENGLISH
245 1 0 _aDogZombies rule (for now)
_cby Liz Pichon.
260 _aEuston House,24 Eversholt Street,London,NW1 1DB
_bScholastic
_c2021
300 _a220 pages
_c20 cm.
500 _aOriginally published: London : Scholastic, 2016. Make Dogzombies the BEST band in the world!
942 _2ddc